| 000 | 00707nam a22001575i 4500 | ||
|---|---|---|---|
| 001 | 172232 | ||
| 003 | ES-MaACL | ||
| 005 | 20230906214839.0 | ||
| 008 | 090619s1878 fr |||| | fre d | ||
| 100 | 1 |
_aBeguyer de Chancourtois, Alexandre-Emile. _927043 |
|
| 245 | 1 | 0 |
_a[Moyens simples d'imiter les chaînes de montagnes sur un globe et les cirques volcaniques sur un plan, d'après le principe de la théorie des soulèvements / _cpar M. B. de Chancourtois]. |
| 260 |
_a[S.l. : _bs.n., _c1878?] |
||
| 300 |
_a[2 p., 2 h. de lám.] ; _c28 cm. |
||
| 594 | _aTítulo y autor tomado del principio del texto. | ||
| 852 |
_aES-MaACL _jC-2612 _z.- Legado Federico de Botella y de Hornos _q.- Ejemplar sin portada |
||
| 999 |
_c172232 _d172232 |
||